Movies Quiz

Random Movies or Disney Quiz
Score 0/22 Timer 10:00
2 Plays Today
Song Movie % Correct
A Girl Worth Fighting ForMulan
86.1%
Look Out for Mr. StorkDumbo
65.3%
Trashin' the CampTarzan
62.6%
Oh, Sing Sweet NightingaleCinderella
61.6%
The Mob SongBeauty and the Beast
59.2%
Scales and ArpeggiosThe Aristocats
59.2%
Court of MiraclesThe Hunchback of Notre Dame
58.5%
Fathoms BelowThe Little Mermaid
57.2%
Long Ago/Gospel Truth IHercules
55.7%
Dig a Little DeeperThe Princess and the Frog
39.6%
If I Never Knew YouPocahontas
37.7%
Song Movie % Correct
In a World of My OwnAlice in Wonderland
31.5%
The Silly SongSnow White and the Seven Dwarfs
26.4%
Your Mother and MinePeter Pan
26.3%
I WonderSleeping Beauty
24.4%
LoveRobin Hood
23.1%
Streets of GoldOliver and Company
23.1%
Goodbye May Seem ForeverThe Fox and the Hound
19.2%
My Own HomeThe Jungle Book
19%
Let Me Be Good to YouThe Great Mouse Detective
14.7%
A Most Befuddling ThingThe Sword in the Stone
13.2%
Tomorrow Is Another DayThe Rescuers
12.1%

You're not logged in!

Compare scores with friends on all Sporcle quizzes.
OR
Log In

Sporcle TV

Today on Sporcle TV


Watch our educational content, quiz creation guides, and fun videos on Sporcle TV.

Show Comments

Extras

Top Quizzes Today


Score Distribution

Paid Content

Your Account Isn't Verified!

In order to create a playlist on Sporcle, you need to verify the email address you used during registration. Go to your Sporcle Settings to finish the process.

Report this User

Report this user for behavior that violates our Community Guidelines.

Details: